000 01224njm a22002897a 4500
005 20100901115333.0
006 a|||||r|||||00| 0
007 sd ammalaaahaa
008 100901t xxu||||| |||| 00| 0 eng d
028 _a2425-5024
_bINRECO
035 _aGR-02892
040 _aSED
_cSED
100 _aGoswami Tulsidas's
_917891
245 _aRamcharitmanas /
_cby Goswami Tulsidas's ; music by Jnan Prokash Ghosh
_h[Sound recording]
246 _aरामचरितमानस / गोस्वामी तुलसीदास 'स
260 _aDUM DUM, India
_bINRECO
_c1978
300 _aV.2,1 Sound disc [Gramophone Recording] :
_banalog, 33 1/3 rpm
_c12 in. (LP)
_fGramophone Record
500 _aBrief record
500 _aRecord Labels : INRECO,Blue,White
505 _aSide-1 राम जन्म (Ram Janm)--Side-2 अहिल्या उद्धार (Ahilya Uddhar) (Goswami Tulsidas's)
600 _aGoswami Tulsidas's
_920330
650 _aClassical music
_xExcerpts
_zIndia
_917892
650 _920305
700 _aJnan Prokash Ghosh
_920260
942 _2ddc
_cGR
999 _c46196
_d46196